Eldest /
Eragon cestuje so svojou dračicou Zafirou do elfského mesta Ellesméra, aby podstúpil výcvik v čarovaní a v boji, životne dôležitých zručnostiach Dračieho jazdca. Stráca však istotu, nevie, komu môže veriť, a osud kráľovstva, v ktorom temná ruka kráľa Galbatorixa hrdúsi akýkoľvek vzdor, leží aj naďal...
Uloženo v:
| Série: | Odkaz Dračích jazdcov,
část 2 |
|---|---|
| Hlavní autor: | |
| Médium: | E-kniha |
| Jazyk: | Czech |
| Vydáno: |
Praha :
Albatros Media Slovakia s.r.o.,
2024
|
| Příbuzné jednotky: | Z cyklu::
Odkaz Dračích jazdcov |
| Tagy: |
Žádné tagy |
| LEADER | 01409nam a22002417i 4500 | ||
|---|---|---|---|
| 001 | 312414 | ||
| 007 | ta | ||
| 008 | 260601s2024 xr ||||| |||| 00| 0 cze d | ||
| 020 | |a 9788056639818 | ||
| 044 | |a xr | ||
| 100 | 1 | |a Paolini, Christopher |4 aut | |
| 245 | 1 | 0 | |a Eldest / |c Paolini, Christopher |
| 240 | 1 | 0 | |a Eldest |
| 264 | 1 | |a Praha : |b Albatros Media Slovakia s.r.o., |c 2024 | |
| 300 | |a 1 online zdroj (720 stran) | ||
| 336 | |a text |b txt |2 rdacontent | ||
| 337 | |a bez média |b n |2 rdamedia | ||
| 338 | |a online zdroj |b cr |2 rdacarrier | ||
| 520 | 2 | |a Eragon cestuje so svojou dračicou Zafirou do elfského mesta Ellesméra, aby podstúpil výcvik v čarovaní a v boji, životne dôležitých zručnostiach Dračieho jazdca. Stráca však istotu, nevie, komu môže veriť, a osud kráľovstva, v ktorom temná ruka kráľa Galbatorixa hrdúsi akýkoľvek vzdor, leží aj naďalej v jeho rukách… | |
| 787 | 0 | 8 | |g 2 |i Z cyklu: |t Odkaz Dračích jazdcov |
| 910 | |a RBIT002 | ||
| 998 | |d 406018 |a https://core.palmknihy.cz/api/books/406018/cover?sefi9c |b https://core.palmknihy.cz/api/books/406018/cover/400?sefi9c |c https://core.palmknihy.cz/api/books/406018/cover/50?sefi9c |e 2029-07-31 |g 720 |i 9788056639818 |j https://core.palmknihy.cz/api/books/406018/preview.epub |k https://core.palmknihy.cz/api/books/406018/preview.pdf |l |q 49 |r 1 |s https://www.palmknihy.cz/kniha/406018 |t ebook |y 2024 |z 1 |v Odkaz Dračích jazdcov |w 2 | ||
| 999 | |d 312412 | ||